Gasification technologies : A primer for engineers and scientists

Tallennettuna:
Bibliografiset tiedot
Päätekijä: Rezaiyan, John
Aineistotyyppi: Kirja
Kieli:Undetermined
Julkaistu: Boca Raton, FL. CRC Press 2005
Aiheet:
Tagit: Lisää tagi
Ei tageja, Lisää ensimmäinen tagi!
Thư viện lưu trữ: Trung tâm Học liệu Trường Đại học Cần Thơ
LEADER 00604nam a2200205Ia 4500
001 CTU_117566
008 210402s9999 xx 000 0 und d
020 |c 154.98 
082 |a 665.77 
082 |b R467 
100 |a Rezaiyan, John 
245 0 |a Gasification technologies : 
245 2 |b A primer for engineers and scientists 
245 0 |c John Rezaiyan and Nicholas P. Cheremisinoff 
260 |a Boca Raton, FL. 
260 |b CRC Press 
260 |c 2005 
650 |a Biomass gasification,Gas manufacture and works 
904 |i Minh 
980 |a Trung tâm Học liệu Trường Đại học Cần Thơ